Giáo dục chủ động

محفوظ في:
التفاصيل البيبلوغرافية
المؤلف الرئيسي: Nguyễn, Thị Oanh
التنسيق: كتاب
اللغة:Vietnamese
منشور في: Tp. Hồ Chí Minh Nxb. Tp. Hồ Chí Minh 1994
الموضوعات:
الوسوم: إضافة وسم
لا توجد وسوم, كن أول من يضع وسما على هذه التسجيلة!
Thư viện lưu trữ: Trung tâm Học liệu Lê Vũ Hùng, Trường Đại học Đồng Tháp
LEADER 00680aam a22002058a 4500
001 00028655
008 120330s1994 ||||||viesd
005 20171026081023.0
041 0 # |a vie 
082 1 4 |a 370.15  |b GI108D 
100 1 # |a Nguyễn, Thị Oanh 
245 1 0 |a Giáo dục chủ động  |c Nguyễn Thị Oanh 
260 # # |c 1994  |a Tp. Hồ Chí Minh  |b Nxb. Tp. Hồ Chí Minh 
300 # # |a 53tr.  |c 20cm. 
650 # 4 |a Giáo dục  |x Phương pháp giảng dạy 
653 # # |a Tâm lý học 
852 # # |b Kho đọc  |j KD.0012999 
852 # # |j KD.0012999 
910 |d 30/03/2012 
980 # # |a Trung tâm Học liệu Lê Vũ Hùng, Trường Đại học Đồng Tháp